The Scottish Building Standards procedural handbook (Record no. 106928)
[ view plain ]
| 000 -LEADER | |
|---|---|
| fixed length control field | 01456cam a22002895a 4500 |
| 001 - CONTROL NUMBER | |
| control field | E137907 |
| 008 - FIXED-LENGTH DATA ELEMENTS--GENERAL INFORMATION | |
| fixed length control field | 000000s2007 xxk 000 0 eng u |
| 035 ## - SYSTEM CONTROL NUMBER | |
| System control number | (Sirsi) u137907 |
| 041 ## - LANGUAGE CODE | |
| Language code of text/sound track or separate title | eng |
| 050 04 - LIBRARY OF CONGRESS CALL NUMBER | |
| Classification number | 692.209411 $2 18 |
| 110 2# - MAIN ENTRY--CORPORATE NAME | |
| Corporate name or jurisdiction name as entry element | Scottish Building Standards Agency |
| 9 (RLIN) | 4655 |
| 245 04 - TITLE STATEMENT | |
| Title | The Scottish Building Standards procedural handbook |
| Medium | [electronic resource] |
| 250 ## - EDITION STATEMENT | |
| Edition statement | 2nd ed. |
| 260 ## - PUBLICATION, DISTRIBUTION, ETC. | |
| Place of publication, distribution, etc. | Edinburgh |
| Name of publisher, distributor, etc. | SBSA |
| Date of publication, distribution, etc. | 2007 |
| 300 ## - PHYSICAL DESCRIPTION | |
| Extent | vi, 82p. ; 30cm. |
| 520 ## - SUMMARY, ETC. | |
| Summary, etc. | Explains the procedures set up by the Building (Scotland) Act 2003 and the Building (Procedure) (Scotland) Regulations 2004. The purpose of the Handbook is to clarify the intent of the procedure regulations and expand upon the procedures set out by the Act. Unlike the Technical Handbooks and other guidance documents issued by Scottish Ministers to support the building regulations, this handbook has no specific legal status, but is designed to aid the practical operation of the procedures. |
| 520 ## - SUMMARY, ETC. | |
| Summary, etc. | Includes January 2009 amendments. |
| 520 ## - SUMMARY, ETC. | |
| Summary, etc. | Supersedes 1st ed. (E128243). |
| 650 ## - SUBJECT ADDED ENTRY--TOPICAL TERM | |
| Topical term or geographic name entry element | SCOTTISH BUILDING REGULATIONS |
| 650 ## - SUBJECT ADDED ENTRY--TOPICAL TERM | |
| Topical term or geographic name entry element | SCOTTISH BUILDING STANDARDS |
| 650 ## - SUBJECT ADDED ENTRY--TOPICAL TERM | |
| Topical term or geographic name entry element | BUILDING (SCOTLAND) ACT 2003 |
| 650 ## - SUBJECT ADDED ENTRY--TOPICAL TERM | |
| Topical term or geographic name entry element | SCOTLAND |
| 651 #4 - SUBJECT ADDED ENTRY--GEOGRAPHIC NAME | |
| Geographic name | Scotland |
| Chronological subdivision | 1999- |
| 690 ## - LOCAL SUBJECT ADDED ENTRY--TOPICAL TERM (OCLC, RLIN) | |
| Topical term or geographic name as entry element | BUILT ENVIRONMENT-BUILDING STANDARDS |
| 856 41 - ELECTRONIC LOCATION AND ACCESS | |
| Uniform Resource Identifier | <a href="https://www.scotland.gov.uk/Resource/Doc/217736/0081412.pdf">https://www.scotland.gov.uk/Resource/Doc/217736/0081412.pdf</a> |
| Public note | View the item free of charge at www.scotland.gov.uk |
| 942 ## - ADDED ENTRY ELEMENTS (KOHA) | |
| Suppress in OPAC | 0 |
| Withdrawn status | Lost status | Source of classification or shelving scheme | Damaged status | Not for loan | Home library | Current library | Shelving location | Date acquired | Total Checkouts | Full call number | Barcode | Date last seen | Copy number | Price effective from | Koha item type |
|---|---|---|---|---|---|---|---|---|---|---|---|---|---|---|---|
| Dewey Decimal Classification | Virtual | Virtual | Online | 06/08/2008 | ONLINE PUBLICATION | 137907-3001 | 06/08/2019 | 1 | 06/08/2019 | Book |